[Event "25th European Teams Women"]
[Site "Batumi GEO"]
[Date "2025.10.10"]
[Round "6.3"]
[Board "3"]
[White "Beydullayeva, Govhar"]
[Black "Danielian, Elina"]
[Result "1/2-1/2"]
[WhiteTitle "WGM"]
[BlackTitle "GM"]
[WhiteElo "2362"]
[BlackElo "2410"]
[WhiteTeam "Azerbaijan"]
[BlackTeam "Armenia"]
[WhiteFideId "13413015"]
[BlackFideId "13300210"]
[EventDate "2025.10.05"]

1. d4 Nf6 2. Bg5 d5 3. Nd2 g6 4. e3 Bg7 5. Bd3 Nbd7 6. Ngf3 O-O 7. O-O c5 8. c3
b6 9. e4 dxe4 10. Nxe4 cxd4 11. cxd4 Bb7 12. Re1 Nxe4 13. Bxe4 Bxe4 14. Rxe4 Nf6
15. Re1 Qd7 16. Qb3 Rac8 17. Rad1 e6 18. Ne5 Qb7 19. h4 Nd5 20. Ng4 h5 21. Ne3
Nxe3 22. Rxe3 Rc7 23. Red3 Qd5 24. Qxd5 exd5 25. Bf4 Rc2 26. R3d2 Rfc8 27. Kf1
R8c4 28. Be3 Rxd2 29. Rxd2 Bf8 30. Rd3 f6 31. Ke2 Kf7 32. Rd1 Rc2+ 33. Rd2 Rxd2+
34. Bxd2 Ke6 35. Bf4 Kf5 36. Bb8 a6 37. Bc7 b5 38. f3 Bh6 39. g3 Bc1 40. b3 g5
41. Kf2 Ba3 42. Bb6 Be7 43. Bc7 Bb4 44. Bb6 Bd6 45. Bd8 Bb8 46. Bb6 Ke6 47. Bc5
Bc7 48. Kg2 1/2-1/2

[Event "25th European Teams Women"]
[Site "Batumi GEO"]
[Date "2025.10.10"]
[Round "6.3"]
[Board "4"]
[White "Gevorgyan, Maria"]
[Black "Mammadova, Gulnar"]
[Result "0-1"]
[WhiteTitle "WGM"]
[BlackTitle "IM"]
[WhiteElo "2242"]
[BlackElo "2323"]
[WhiteTeam "Armenia"]
[BlackTeam "Azerbaijan"]
[WhiteFideId "13300270"]
[BlackFideId "13403508"]
[EventDate "2025.10.05"]

1. d4 d5 2. Nf3 Nf6 3. Bf4 c5 4. c3 Qb6 5. Qb3 c4 6. Qc2 g6 7. Nbd2 Bf5 8. Qc1
Nc6 9. h3 Bg7 10. e3 O-O 11. Be2 Rfc8 12. g4 Bd7 13. Kf1 Qd8 14. Kg2 b5 15. Ne5
Nxe5 16. Bxe5 a5 17. Qg1 Ne4 18. Bxg7 Kxg7 19. Nxe4 dxe4 20. g5 e5 21. Kf1 exd4
22. cxd4 b4 23. Qg3 Qc7 24. Qh4 c3 25. bxc3 bxc3 26. Qxe4 c2 27. Rc1 Bf5 28. Qh4
Qd6 29. Kg2 Kg8 30. Qg3 Qa3 31. h4 Rab8 32. h5 Rb1 33. h6 Qe7 34. Bf3 Re8 35.
Qf4 Rxc1 36. Rxc1 Bd3 37. Re1 Rc8 38. e4 Kf8 39. d5 Qb4 40. Rc1 Re8 41. a3 Qd4
42. Re1 Qc3 43. Rc1 Qd4 44. d6 Rd8 45. Kg3 Rxd6 46. e5 Qxf4+ 47. Kxf4 Rb6 48.
Ke3 Rb1 49. Kd2 Bf5 50. Bc6 Rb3 51. a4 Rb4 52. f3 Ke7 53. Be4 Bxe4 54. fxe4 Rxa4
55. Rxc2 Rxe4 56. Rc5 a4 57. Kd3 Rg4 58. Rc6 Rxg5 59. Ke4 Rh5 60. Rc7+ Ke6 61.
Rc6+ Kd7 62. Ra6 Rxh6 63. Ra7+ Ke6 64. Ra6+ Ke7 65. Ra7+ Kf8 66. e6 fxe6 67. Ke5
g5 68. Rxa4 Rg6 0-1

[Event "25th European Teams Women"]
[Site "Batumi GEO"]
[Date "2025.10.10"]
[Round "6.4"]
[Board "1"]
[White "Stefanova, Antoaneta"]
[Black "Bulmaga, Irina"]
[Result "1/2-1/2"]
[WhiteTitle "GM"]
[BlackTitle "IM"]
[WhiteElo "2393"]
[BlackElo "2396"]
[WhiteTeam "Bulgaria"]
[BlackTeam "Romania"]
[WhiteFideId "2902257"]
[BlackFideId "13903063"]
[EventDate "2025.10.05"]

1. e4 e5 2. Nf3 Nc6 3. Bb5 Nf6 4. d3 d6 5. O-O g6 6. c3 Bg7 7. Re1 a6 8. Ba4 O-O
9. h3 Re8 10. Be3 b5 11. Bc2 Bd7 12. a4 b4 13. a5 Qc8 14. Nbd2 Rb8 15. d4 bxc3
16. bxc3 exd4 17. cxd4 Nb4 18. Bb1 Rb5 19. Bf4 Nh5 20. Bh2 Bh6 21. e5 d5 22. Nb3
Ng7 23. Nc5 Ne6 24. Nxe6 Bxe6 25. Bg3 c5 26. dxc5 Rxc5 27. Ra4 Rc4 28. Kh2 Bd7
29. Ra1 Qc5 30. Qe2 Rc3 31. Rd1 Bb5 32. Qe1 Nd3 33. Bxd3 Bxd3 34. Ra2 Bc2 35.
Rda1 Qc4 36. Rb2 d4 37. Rb6 Rxf3 38. gxf3 d3 39. Rd6 d2 40. Rxd2 Bxd2 41. Qxd2
Qd3 42. Qf4 Qf5 43. Qxf5 Bxf5 44. Rd1 Kg7 45. f4 h6 46. Bh4 g5 47. Bg3 Re6 48.
fxg5 hxg5 49. Rd4 Rc6 50. Rd6 Rxd6 51. exd6 Bd7 52. f4 f6 53. Kg2 Kf7 54. Be1
Ke6 55. Bd2 Kxd6 56. fxg5 fxg5 57. Bxg5 Ke5 58. Kg3 Kf5 59. h4 Kg6 1/2-1/2

[Event "25th European Teams Women"]
[Site "Batumi GEO"]
[Date "2025.10.10"]
[Round "6.4"]
[Board "2"]
[White "Cosma, Elena-Luminita"]
[Black "Salimova, Nurgyul"]
[Result "1-0"]
[WhiteTitle "WGM"]
[BlackTitle "IM"]
[WhiteElo "2237"]
[BlackElo "2385"]
[WhiteTeam "Romania"]
[BlackTeam "Bulgaria"]
[WhiteFideId "1201590"]
[BlackFideId "2915138"]
[EventDate "2025.10.05"]

1. d4 d5 2. c4 e6 3. Nf3 Nf6 4. g3 Be7 5. Bg2 O-O 6. O-O dxc4 7. Qc2 b5 8. a4 b4
9. Nbd2 b3 10. Qxc4 Ba6 11. Qxb3 Nc6 12. Qc2 Nb4 13. Qd1 c5 14. Nb3 cxd4 15.
Nbxd4 Rc8 16. Bd2 Qd5 17. Nb5 Rfd8 18. Bxb4 Bxb4 19. Qxd5 Nxd5 20. Nxa7 Rc2 21.
Rfc1 Rxb2 22. Nc6 Re8 23. Nxb4 Rxb4 24. e3 e5 25. Rc5 e4 26. Nd4 Nf6 27. h3 Bd3
28. a5 Nd7 29. Rcc1 g6 30. Nc6 Rb2 31. a6 Nb6 32. a7 Kg7 33. Bf1 Re6 34. Nd4 Rf6
35. f4 exf3 36. Bxd3 Rg2+ 37. Kh1 Rxg3 38. Bf1 f2 39. Ne2 Rxe3 40. Kg2 Re5 41.
Ng3 h5 42. h4 Rf4 43. Rc6 Re1 44. Rxb6 Rxa1 45. Ra6 Rxa6 46. Bxa6 f1=Q+ 47. Nxf1 1-0

[Event "25th European Teams Women"]
[Site "Batumi GEO"]
[Date "2025.10.10"]
[Round "6.4"]
[Board "3"]
[White "Krasteva, Beloslava"]
[Black "Lehaci, Miruna-Daria"]
[Result "1/2-1/2"]
[WhiteTitle "FM"]
[BlackTitle "WIM"]
[WhiteElo "2316"]
[BlackElo "2212"]
[WhiteTeam "Bulgaria"]
[BlackTeam "Romania"]
[WhiteFideId "2922029"]
[BlackFideId "1234765"]
[EventDate "2025.10.05"]

1. d4 d5 2. c4 dxc4 3. Nf3 Nf6 4. e3 e6 5. Bxc4 c5 6. O-O a6 7. Nc3 b5 8. Bb3
Bb7 9. e4 cxd4 10. Nxd4 Nc6 11. Nxc6 Bxc6 12. Qe2 Be7 13. e5 Nd7 14. Re1 Nc5 15.
Bc2 b4 16. Ne4 Nxe4 17. Bxe4 Bxe4 18. Qxe4 O-O 19. Be3 Rb8 20. Qg4 Re8 21. Bh6
Bf8 22. Re3 Qd2 23. Rae1 Rbc8 24. h4 Rc1 25. Rxc1 Qxc1+ 26. Kh2 Qxb2 27. h5 f5
28. exf6 Qxf6 29. Bf4 h6 30. Be5 Qf5 31. Qe2 Rc8 32. Re4 Rc5 33. g4 Qf7 34. Bg3
Rc6 35. Kg2 Qb7 36. Kh3 Qd7 37. Re5 Qf7 38. Re4 Qd7 39. Re5 Qf7 40. Re4 1/2-1/2

[Event "25th European Teams Women"]
[Site "Batumi GEO"]
[Date "2025.10.10"]
[Round "6.4"]
[Board "4"]
[White "Sgircea, Silvia-Raluca"]
[Black "Toncheva, Nadya"]
[Result "1-0"]
[WhiteTitle "WIM"]
[BlackTitle "FM"]
[WhiteElo "2219"]
[BlackElo "2332"]
[WhiteTeam "Romania"]
[BlackTeam "Bulgaria"]
[WhiteFideId "1213776"]
[BlackFideId "2924056"]
[EventDate "2025.10.05"]

1. d4 d5 2. c4 e6 3. cxd5 exd5 4. Nc3 Nf6 5. Bf4 Be7 6. e3 O-O 7. Bd3 Re8 8. h3
c6 9. Nge2 Nbd7 10. O-O Nf8 11. Qc2 Ng6 12. Bh2 Bd6 13. Bxd6 Qxd6 14. Ng3 Bd7
15. b4 a5 16. b5 c5 17. dxc5 Qxc5 18. Nge2 Rac8 19. Rac1 d4 20. exd4 Qh5 21.
Bxg6 hxg6 22. Ng3 Qh4 23. Qd2 g5 24. Rfe1 Rxe1+ 25. Rxe1 g4 26. hxg4 Nxg4 27. a4
Qh2+ 28. Kf1 Nf6 29. Re5 Bg4 30. Qe3 Qh7 31. Nce4 Nd7 32. Rg5 Bd1 33. Qa3 Re8
34. f3 Qh6 35. Nf5 Qh1+ 36. Kf2 g6 37. Qd6 Re6 38. Qxd7 Bxa4 39. Qd8+ Kh7 40.
Qf8 1-0

[Event "25th European Teams Women"]
[Site "Batumi GEO"]
[Date "2025.10.10"]
[Round "6.5"]
[Board "1"]
[White "Khademalsharieh, Sarasadat"]
[Black "Tsolakidou, Stavroula"]
[Result "0-1"]
[WhiteTitle "IM"]
[BlackTitle "IM"]
[WhiteElo "2444"]
[BlackElo "2453"]
[WhiteTeam "Spain"]
[BlackTeam "Greece"]
[WhiteFideId "12512214"]
[BlackFideId "4264312"]
[EventDate "2025.10.05"]

1. d4 Nf6 2. Nf3 e6 3. Bg5 h6 4. Bh4 c5 5. e3 cxd4 6. exd4 Be7 7. Nbd2 d6 8. Bd3
Nbd7 9. O-O b6 10. c3 O-O 11. Ne1 Bb7 12. Nc2 Qc7 13. Ne3 Rfe8 14. f4 Qc6 15.
Qe2 a6 16. a4 e5 17. fxe5 dxe5 18. Nf5 Bf8 19. d5 Nxd5 20. Be4 Nc5 21. Bxd5 Qxd5
22. Nc4 Qe6 23. Rad1 Ne4 24. Qd3 Qc6 25. Nfe3 Nc5 26. Qf5 Qe6 27. Qxe6 Rxe6 28.
a5 bxa5 29. Nxa5 Be4 30. Rd2 Nd3 31. Rfd1 g5 32. Bg3 Nf4 33. Rd8 Rxd8 34. Rxd8
Kg7 35. Nac4 Bc5 36. Bf2 Nd3 37. b4 Be7 38. Rd7 Nf4 39. Be1 Kf8 40. Ra7 f6 41.
Rc7 h5 42. Rc8+ Kf7 43. Rb8 Nd3 44. Bf2 f5 45. Nd2 Nxf2 46. Kxf2 Bc6 47. Rb6 Bd7
48. Rb7 Ke8 49. Rb8+ Kf7 50. Rb7 Bc6 51. Rb6 Bb5 52. Rb7 f4 53. Nf5 Bd3 54. Nf3
Bxf5 55. Nxg5+ Ke8 56. Nxe6 Bxe6 57. Rb6 Bc4 58. Rc6 Bd3 59. g3 fxg3+ 60. hxg3
e4 61. Re6 Kf7 62. Re5 Bf6 63. Rc5 Kg6 64. Ke3 Bg5+ 65. Kd4 Bd2 66. c4 Bxb4 67.
Rc6+ Kf5 68. Rxa6 Be1 69. Rh6 Bf2+ 70. Kc3 Be2 71. Rh7 Bf3 72. Rf7+ Ke5 0-1

[Event "25th European Teams Women"]
[Site "Batumi GEO"]
[Date "2025.10.10"]
[Round "6.5"]
[Board "2"]
[White "Avramidou, Anastasia"]
[Black "Vega Gutierrez, Sabrina"]
[Result "1/2-1/2"]
[WhiteTitle "FM"]
[BlackTitle "IM"]
[WhiteElo "2316"]
[BlackElo "2362"]
[WhiteTeam "Greece"]
[BlackTeam "Spain"]
[WhiteFideId "4239873"]
[BlackFideId "2219026"]
[EventDate "2025.10.05"]

1. e4 c5 2. Nf3 e6 3. d4 cxd4 4. Nxd4 Nf6 5. Nc3 Nc6 6. Nxc6 bxc6 7. e5 Nd5 8.
Ne4 Qc7 9. f4 Qb6 10. c4 Ne3 11. Qd3 Nxf1 12. Rxf1 Ba6 13. b3 Be7 14. Be3 Qb4+
15. Kf2 f5 16. exf6 gxf6 17. a3 Qb8 18. Kg1 Qc7 19. Bd4 O-O-O 20. Qe3 f5 21. Be5
Qb6 22. Qxb6 axb6 23. Bxh8 fxe4 24. Bb2 d5 25. f5 dxc4 26. bxc4 Bxc4 27. Rfc1 b5
28. fxe6 e3 29. a4 Rd6 30. axb5 cxb5 31. Ba3 Rxe6 32. Bxe7 Rxe7 33. Rxc4+ bxc4
34. Kf1 Kb7 35. Ke2 Kb6 36. Ra3 Kc5 37. Rxe3 Rd7 38. Re8 c3 39. g4 Rd2+ 40. Ke3
Rd1 41. Rc8+ Kb4 42. h4 Kb3 43. Rb8+ Ka3 44. Ra8+ Kb2 45. Rb8+ Kc1 46. Rb7 Re1+
47. Kf4 c2 48. Rxh7 Kd2 49. Rc7 c1=Q 50. Rxc1 Rxc1 51. h5 Rc4+ 52. Kf5 Ke3 53.
h6 Rf4+ 54. Kg5 Kf3 55. h7 Rxg4+ 56. Kf6 Rh4 57. Kg7 Rxh7+ 58. Kxh7 1/2-1/2

[Event "25th European Teams Women"]
[Site "Batumi GEO"]
[Date "2025.10.10"]
[Round "6.5"]
[Board "3"]
[White "Matnadze Bujiashvili, Ann"]
[Black "Christodoulaki, Antonia"]
[Result "1-0"]
[WhiteTitle "IM"]
[BlackTitle "WFM"]
[WhiteElo "2321"]
[BlackElo "2171"]
[WhiteTeam "Spain"]
[BlackTeam "Greece"]
[WhiteFideId "13601377"]
[BlackFideId "4214935"]
[EventDate "2025.10.05"]

1. d4 d5 2. c4 e6 3. Nf3 Nf6 4. g3 Bb4+ 5. Bd2 Be7 6. Qc2 O-O 7. Bg2 c6 8. O-O
Nbd7 9. Rd1 b6 10. b4 Ba6 11. Na3 Rc8 12. Qb3 Bb7 13. c5 Ne4 14. Be1 Bf6 15. Nc2
Ba6 16. Qe3 Qe7 17. Rab1 Rb8 18. a4 bxc5 19. dxc5 e5 20. b5 Bb7 21. Nb4 Ndxc5
22. bxc6 d4 23. Qa3 Ba8 24. Nd5 Qd6 25. Nxf6+ gxf6 26. Bb4 Rxb4 27. Qxb4 Bxc6
28. Nh4 Qe6 29. Rdc1 Rc8 30. Rb2 Bd5 31. Rbc2 Nc3 32. Rxc3 dxc3 33. Bxd5 Qd7 34.
Rxc3 Na6 35. Rxc8+ Qxc8 36. Qe7 1-0

[Event "25th European Teams Women"]
[Site "Batumi GEO"]
[Date "2025.10.10"]
[Round "6.5"]
[Board "4"]
[White "Grapsa, Georgia"]
[Black "Garcia-Castany Musellas, Gal.la"]
[Result "1/2-1/2"]
[WhiteTitle "WFM"]
[BlackTitle "WFM"]
[WhiteElo "2086"]
[BlackElo "2201"]
[WhiteTeam "Greece"]
[BlackTeam "Spain"]
[WhiteFideId "4206436"]
[BlackFideId "2241803"]
[EventDate "2025.10.05"]

1. d4 Nf6 2. c4 e6 3. g3 d5 4. Nf3 dxc4 5. Bg2 Bd7 6. Ne5 Bc6 7. Nxc6 Nxc6 8.
O-O Qd7 9. e3 Rd8 10. Qe2 e5 11. Nc3 Be7 12. d5 Na5 13. b3 b5 14. Rb1 b4 15.
bxc4 bxc3 16. Rb5 Qd6 17. Rxa5 O-O 18. c5 Qd7 19. c6 Qg4 20. Qxg4 Nxg4 21. h3
Nf6 22. e4 Ra8 23. Ba3 Bxa3 24. Rxa3 Rfb8 25. Rxc3 Rb4 26. Rd1 Ne8 27. f4 f6 28.
fxe5 fxe5 29. Rb3 Rc4 30. Rb7 a5 31. Rdb1 Kf8 32. h4 Ke7 33. Rf1 Rd8 34. Rf5 Kd6
35. Rf7 Rc1+ 36. Kh2 Rc2 37. Kg1 Rc1+ 38. Kh2 Rc2 39. Kg1 Rc1+ 40. Kh2 Rc2 1/2-1/2

[Event "25th European Teams Women"]
[Site "Batumi GEO"]
[Date "2025.10.10"]
[Round "6.6"]
[Board "1"]
[White "Roebers, Eline"]
[Black "Daulyte-Cornette, Deimante"]
[Result "1-0"]
[WhiteTitle "IM"]
[BlackTitle "IM"]
[WhiteElo "2383"]
[BlackElo "2386"]
[WhiteTeam "Netherlands"]
[BlackTeam "France"]
[WhiteFideId "1058401"]
[BlackFideId "12802859"]
[EventDate "2025.10.05"]

1. d4 Nf6 2. c4 e6 3. Nc3 d5 4. Nf3 Nbd7 5. Bf4 Bb4 6. cxd5 exd5 7. e3 Ne4 8.
Rc1 g5 9. Be5 O-O 10. Qb3 Bxc3+ 11. bxc3 c6 12. Bd3 g4 13. Bf4 Ndf6 14. Nd2 Nxd2
15. Kxd2 Nh5 16. Be5 f6 17. Bg3 Nxg3 18. hxg3 f5 19. c4 Rf7 20. cxd5 cxd5 21.
Rh6 Qa5+ 22. Ke2 b6 23. Rd6 Bb7 24. Bb5 Kg7 25. Qa4 Qxa4 26. Bxa4 Rc8 27. Rxc8
Bxc8 28. Bc6 Ba6+ 29. Kd2 Bc4 30. Bxd5 Bxd5 31. Rxd5 Kf6 32. a4 Ke6 33. Re5+ Kf6
34. a5 bxa5 35. Rxa5 Ke6 36. Ra6+ Kd5 37. f3 Kc4 38. Rc6+ Kb5 39. Rc5+ Kb4 40.
Kd3 a5 41. fxg4 fxg4 42. Rc8 a4 43. Rb8+ Ka5 44. d5 a3 45. e4 Ra7 46. Kc2 Rf7
47. d6 a2 48. Kb2 Rf2+ 49. Ka1 Rd2 50. e5 Ka4 51. Rb2 Rd5 52. Re2 Kb3 53. Re1
Kc2 54. e6 Rb5 55. Re2+ Kb3 56. Rb2+ 1-0

[Event "25th European Teams Women"]
[Site "Batumi GEO"]
[Date "2025.10.10"]
[Round "6.6"]
[Board "2"]
[White "Navrotescu, Andreea"]
[Black "Van Foreest, Machteld"]
[Result "1-0"]
[WhiteTitle "WGM"]
[BlackTitle "FM"]
[WhiteElo "2257"]
[BlackElo "2314"]
[WhiteTeam "France"]
[BlackTeam "Netherlands"]
[WhiteFideId "675946"]
[BlackFideId "1051563"]
[EventDate "2025.10.05"]

1. d4 e6 2. c4 b6 3. e4 Bb7 4. Bd3 Bb4+ 5. Kf1 Be7 6. Nc3 d5 7. cxd5 exd5 8. e5
Qd7 9. Nf3 Nc6 10. h4 O-O-O 11. a3 Kb8 12. b4 f6 13. Rh3 Nh6 14. Rg3 Nf5 15.
Bxf5 Qxf5 16. b5 Na5 17. Rxg7 Rde8 18. Ne2 Rhg8 19. Rxg8 Rxg8 20. Ng3 Qg4 21.
Qd3 fxe5 22. Qxh7 e4 23. Bg5 Re8 24. Ne5 Qe6 25. Nf5 Bxg5 26. hxg5 Nb3 27. Rd1
Nxd4 28. Nd7+ Kc8 29. Nf6 Nxf5 30. Nxe8 Ng3+ 31. fxg3 Qxe8 32. g6 e3 33. g7 e2+
34. Ke1 1-0

[Event "25th European Teams Women"]
[Site "Batumi GEO"]
[Date "2025.10.10"]
[Round "6.6"]
[Board "3"]
[White "Kazarian, Anna-Maja"]
[Black "Guichard, Pauline"]
[Result "1/2-1/2"]
[WhiteTitle "FM"]
[BlackTitle "IM"]
[WhiteElo "2244"]
[BlackElo "2330"]
[WhiteTeam "Netherlands"]
[BlackTeam "France"]
[WhiteFideId "1033689"]
[BlackFideId "639370"]
[EventDate "2025.10.05"]

1. e4 e5 2. Nf3 Nc6 3. Bb5 Nf6 4. O-O Nxe4 5. Re1 Nd6 6. a4 Be7 7. Nc3 a6 8. Bf1
e4 9. Nxe4 Nxe4 10. Rxe4 d5 11. Re1 Bg4 12. c3 d4 13. d3 O-O 14. h3 Bh5 15. Bd2
a5 16. Be2 Bg6 17. Qb3 Qd7 18. Rac1 Bf6 19. cxd4 Nxd4 20. Nxd4 Bxd4 21. Qxb7 Bb6
22. Qc6 Qd4 23. Be3 Qxb2 24. Rb1 Qa2 25. Ra1 Qb2 26. Rab1 Qa2 27. Ra1 Qb2 28.
Rab1 Qa2 29. Ra1 1/2-1/2

[Event "25th European Teams Women"]
[Site "Batumi GEO"]
[Date "2025.10.10"]
[Round "6.6"]
[Board "4"]
[White "Negre, Emilie"]
[Black "Bensdorp-De Labaca, Marlies"]
[Result "1-0"]
[WhiteTitle "WFM"]
[BlackTitle "WIM"]
[WhiteElo "2221"]
[BlackElo "2215"]
[WhiteTeam "France"]
[BlackTeam "Netherlands"]
[WhiteFideId "45187223"]
[BlackFideId "1009311"]
[EventDate "2025.10.05"]

1. e4 e6 2. d4 d5 3. Nc3 dxe4 4. Nxe4 Bd7 5. Bd3 Bc6 6. Nf3 Nd7 7. O-O Ngf6 8.
Ned2 Be7 9. Re1 b6 10. Nc4 Bb7 11. Bf4 a6 12. Qe2 b5 13. Na5 Bd5 14. Ne5 Nxe5
15. dxe5 Nd7 16. c4 bxc4 17. Bxc4 Bxc4 18. Nxc4 O-O 19. Qg4 Re8 20. Red1 Qc8 21.
Rac1 c5 22. Bh6 g6 23. Qf4 Qc7 24. Nd6 Rf8 25. b4 f6 26. Qc4 Nxe5 27. Qxe6+ Nf7
28. Bxf8 Bxf8 29. Nxf7 Qxf7 30. Qxf7+ Kxf7 31. bxc5 Rc8 32. c6 Ke6 33. Rc4 f5
34. f4 Bd6 35. Kf2 Rc7 36. g3 Rc8 37. Ke3 Rc7 38. Kd4 Be7 39. Kc3 Bd6 40. Kb3
Rc8 41. Ka4 Rb8 42. c7 Rc8 43. Rc6 1-0

[Event "25th European Teams Women"]
[Site "Batumi GEO"]
[Date "2025.10.10"]
[Round "6.7"]
[Board "1"]
[White "Houska, Jovanka"]
[Black "Khukhashvili, Sopiko"]
[Result "0-1"]
[WhiteTitle "IM"]
[BlackTitle "IM"]
[WhiteElo "2342"]
[BlackElo "2304"]
[WhiteTeam "England"]
[BlackTeam "Georgia 2"]
[WhiteFideId "405094"]
[BlackFideId "13602055"]
[EventDate "2025.10.05"]

1. Nf3 Nf6 2. c4 e6 3. Nc3 Bb4 4. g3 O-O 5. Bg2 c5 6. O-O Nc6 7. Na4 d5 8. a3
Ba5 9. cxd5 Qxd5 10. d3 Qd6 11. Be3 Nd7 12. Rc1 Bb6 13. Nd2 Nd4 14. b4 Nf5 15.
Bxc5 Bxc5 16. bxc5 Qe7 17. Ne4 Ne5 18. d4 Rd8 19. e3 Ng6 20. Nb2 Bd7 21. Nc4 Bc6
22. Ned6 Nxd6 23. Nxd6 Bxg2 24. Kxg2 b6 25. Qf3 Rab8 26. Rfd1 Nf8 27. Rc2 h6 28.
Rdd2 bxc5 29. dxc5 Qc7 30. h4 Ng6 31. Qe4 Ne7 32. Kh2 Nd5 33. Qa4 Rb1 34. e4 Ne7
35. Nb5 Qc8 36. Nxa7 Qa8 37. Rb2 Rxb2 38. Rxb2 Nc8 39. c6 Qxa7 40. Qxa7 Nxa7 41.
c7 Rc8 42. Rb8 Kf8 43. h5 Ke7 44. e5 Kd7 45. f4 Kxc7 46. Rb3 Rb8 47. Rd3 Rb2+
48. Kh3 Rf2 49. Rc3+ Nc6 50. Rc4 Rf3 51. Ra4 Kb7 52. Kg2 Rd3 53. f5 Rd2+ 54. Kh3
exf5 55. Rf4 Nd4 56. g4 g5 57. hxg6 fxg6 58. gxf5 Nxf5 59. Rb4+ Kc7 60. Ra4 Rd3+
61. Kh2 Re3 62. Ra6 g5 63. a4 Rxe5 64. Kh3 h5 0-1

[Event "25th European Teams Women"]
[Site "Batumi GEO"]
[Date "2025.10.10"]
[Round "6.7"]
[Board "2"]
[White "Purtseladze, Maka"]
[Black "Yao, Lan"]
[Result "0-1"]
[WhiteTitle "IM"]
[BlackTitle "WGM"]
[WhiteElo "2261"]
[BlackElo "2316"]
[WhiteTeam "Georgia 2"]
[BlackTeam "England"]
[WhiteFideId "13602659"]
[BlackFideId "8610835"]
[EventDate "2025.10.05"]

1. d4 Nf6 2. c4 e6 3. Nf3 d5 4. Nc3 dxc4 5. e4 b5 6. e5 Nd5 7. Nxb5 Nb6 8. Be2
Nc6 9. O-O Be7 10. Be3 Bb7 11. Rc1 O-O 12. a3 Na5 13. Nc3 Nb3 14. Rb1 Rb8 15.
Nd2 Nxd4 16. Bxd4 Qxd4 17. Nxc4 Qc5 18. Ne3 Rfd8 19. Qc2 Qxe5 20. Bd3 f5 21.
Rfe1 Qf6 22. Rbd1 Bd6 23. Nb5 Nd5 24. Nxd6 Nxe3 25. Ne8 Qg5 26. fxe3 Rxe8 27.
Bf1 Bd5 28. b4 c6 29. g3 a5 30. Qc3 axb4 31. axb4 Qg4 32. Bg2 Qxb4 33. Qe5 Qb2
34. Qxb2 Rxb2 35. e4 fxe4 36. Bxe4 Rf8 37. Ra1 h6 38. Ra7 Bxe4 39. Rxe4 Rd8 40.
Re1 Rdd2 0-1

[Event "25th European Teams Women"]
[Site "Batumi GEO"]
[Date "2025.10.10"]
[Round "6.7"]
[Board "3"]
[White "Hunt, Harriet V"]
[Black "Khurtsilava, Inga"]
[Result "1-0"]
[WhiteTitle "IM"]
[BlackTitle "WGM"]
[WhiteElo "2284"]
[BlackElo "2128"]
[WhiteTeam "England"]
[BlackTeam "Georgia 2"]
[WhiteFideId "403512"]
[BlackFideId "13600419"]
[EventDate "2025.10.05"]

1. e4 c6 2. d4 d5 3. e5 Bf5 4. Nf3 e6 5. Be2 Ne7 6. O-O h6 7. c3 Bh7 8. Nbd2 Ng6
9. Nb3 Be7 10. Ne1 O-O 11. f4 f6 12. Bg4 f5 13. Be2 Nd7 14. Be3 Qc7 15. Rc1 b5
16. Nd3 a5 17. Qe1 a4 18. Nbc5 Nxc5 19. dxc5 Rfb8 20. Qf2 Nf8 21. Ra1 Nd7 22.
Rfd1 Qd8 23. b3 axb3 24. axb3 Rxa1 25. Rxa1 Ra8 26. Qe1 Qf8 27. b4 g5 28. Qc1 g4
29. Ra3 Qc8 30. Qa1 Rxa3 31. Qxa3 Qb7 32. Nc1 Bd8 33. Nb3 Nb8 34. Nd4 Kf7 35.
Bf2 h5 36. h3 Bg8 37. Qa1 Ke8 38. hxg4 hxg4 39. Bg3 Kd7 40. Kf2 Kc8 41. Bd3 Qh7
42. Bxb5 cxb5 43. Nxb5 Bc7 44. Qa8 Qd7 45. Na7+ Kd8 46. b5 Ke8 47. b6 Qe7 48.
bxc7 Qxc5+ 49. Kf1 Qxc7 50. Kg1 Kf7 51. Kh2 Kg6 52. Nb5 Qh7+ 53. Kg1 Nd7 54. Nd6
Qg7 55. Qe8+ Kh7 56. Bf2 Nf8 57. g3 Ng6 58. Qc8 Qf8 59. Ne8 Bf7 60. Nf6+ Kg7 61.
Qb7 Qe7 62. Qb4 Qd8 63. Bc5 Qa8 64. Qb1 Qa5 65. Bd4 Qa6 66. Kf2 Qa8 67. Nh5+ Kg8
68. Ke3 Qf8 69. Qh1 Qh6 70. Nf6+ Kg7 71. Qxh6+ Kxh6 72. Bc5 Kg7 73. Kd3 Nf8 74.
Bxf8+ Kxf8 75. Kd4 Ke7 76. Kc5 Bg6 77. Kc6 Bf7 78. Kc7 Bg6 79. Nd7 Be8 80. Nb6
Bb5 81. Nc8+ Kf8 82. Kd6 Bc4 83. Nb6 Ba2 84. Nd7+ Kf7 85. Nc5 d4 86. cxd4 Bc4
87. Nb7 Ke8 88. Na5 Bd5 89. Nc6 Bb3 90. Nb4 Kf7 91. Na6 Bd5 92. Nc7 Bb3 93. d5
exd5 94. e6+ Kg6 95. Nxd5 Kg7 96. Nc7 Ba4 97. e7 Kf7 98. e8=Q+ 1-0

[Event "25th European Teams Women"]
[Site "Batumi GEO"]
[Date "2025.10.10"]
[Round "6.7"]
[Board "4"]
[White "Gvetadze, Sofio"]
[Black "Mirzoeva, Elmira"]
[Result "1-0"]
[WhiteTitle "IM"]
[BlackTitle "WGM"]
[WhiteElo "2298"]
[BlackElo "2300"]
[WhiteTeam "Georgia 2"]
[BlackTeam "England"]
[WhiteFideId "13601440"]
[BlackFideId "4127951"]
[EventDate "2025.10.05"]

1. e4 c6 2. d4 d5 3. exd5 cxd5 4. Bd3 Nc6 5. c3 Qc7 6. Ne2 Bg4 7. O-O e6 8. Qe1
Nf6 9. Bg5 Bh5 10. f4 O-O-O 11. Nd2 Bd6 12. Qh4 Bg6 13. f5 exf5 14. Bxf6 gxf6
15. Nf4 Ne7 16. Rf2 Kb8 17. Raf1 Qb6 18. Nb3 Rhe8 19. Kh1 Bc7 20. Nc5 Nc8 21. a4
Qd6 22. g3 Re7 23. Be2 Ree8 24. Bf3 Ne7 25. Re2 Nc8 26. Rxe8 Rxe8 27. Bxd5 Nb6
28. Bg2 Nc4 29. Nxb7 Qb6 30. Nc5 Qxb2 31. Qxf6 Bd6 32. Nfd3 Qxc3 33. Rb1+ Kc8
34. Bb7+ Kc7 35. Na6+ Kd7 36. Ndc5+ Bxc5 37. Nxc5+ Kc7 38. Qc6+ 1-0

[Event "25th European Teams Women"]
[Site "Batumi GEO"]
[Date "2025.10.10"]
[Round "6.8"]
[Board "1"]
[White "Olde, Margareth"]
[Black "Gaal, Zsoka"]
[Result "0-1"]
[WhiteTitle "WIM"]
[BlackTitle "WGM"]
[WhiteElo "2187"]
[BlackElo "2395"]
[WhiteTeam "Estonia"]
[BlackTeam "Hungary"]
[WhiteFideId "4503082"]
[BlackFideId "777765"]
[EventDate "2025.10.05"]

1. d4 Nf6 2. c4 e6 3. Nf3 d5 4. g3 Be7 5. Bg2 O-O 6. O-O a5 7. Qc2 a4 8. Nbd2
Nc6 9. a3 dxc4 10. Qxc4 Bd7 11. b4 axb3 12. Nxb3 Na5 13. Nxa5 Rxa5 14. Bb2 Bc6
15. Rfc1 Qa8 16. Ne1 Ra4 17. Qd3 Bxg2 18. Nxg2 c6 19. Ne3 Qa5 20. Qb3 Qa6 21.
Nc4 Nd7 22. Nd2 Ra8 23. Rc4 Ra5 24. Rc2 Nb6 25. Ne4 Qb5 26. Qc3 Na4 27. Qd2 Qf5
28. Nc5 Nxc5 29. dxc5 Bxc5 30. e3 h5 31. Rc4 Bxa3 32. Bc3 Bb4 33. Rxa5 Bxa5 34.
e4 Bxc3 35. Qxc3 Qa5 36. Qb3 Qe1+ 37. Kg2 Ra1 38. Rd4 Qh1+ 39. Kh3 Qf1+ 40. Kh4
Qxf2 41. Rd8+ Kh7 42. e5 Ra4+ 43. Qxa4 Qxh2+ 44. Kg5 Qxg3+ 45. Kxh5 g6# 0-1